مكتبة جامعة عجلون الوطنية

فهرس بحث المكتبة

مستوى معرفة معلمي الطلبة ذوي صعوبات التعلم بمعايير التنمية المستدامة وعلاقتها بامتلاكهم لمهارات التفكير المستقبلي = Sustainable Developments Standards Knowledge of Teachers of students with learning Disabilities and Its Relationship to their possession of future thinking skills / (Record no. 33381)

MARC details
000 -LEADER
fixed length control field 01117nam a22001937a 4500
003 - CONTROL NUMBER IDENTIFIER
control field JO-AjAnu
005 - DATE AND TIME OF LATEST TRANSACTION
control field 20240401104731.0
008 - FIXED-LENGTH DATA ELEMENTS--GENERAL INFORMATION
fixed length control field 240331b jo ||||| |||| 00| 0 ara d
040 ## - CATALOGING SOURCE
Original cataloging agency JO-AjAnu
Transcribing agency ANU
041 #0 - LANGUAGE CODE
Language code of text/sound track or separate title ara
100 #1 - MAIN ENTRY--PERSONAL NAME
Personal name السلمان، سحر محمد حسين
Relator term مؤلف
9 (RLIN) 65202
245 #0 - TITLE STATEMENT
Title مستوى معرفة معلمي الطلبة ذوي صعوبات التعلم بمعايير التنمية المستدامة وعلاقتها بامتلاكهم لمهارات التفكير المستقبلي = Sustainable Developments Standards Knowledge of Teachers of students with learning Disabilities and Its Relationship to their possession of future thinking skills /
Statement of responsibility, etc. اعداد سحر محمد حسين السلمان ؛ اشراف محمد عمر أبو الرب
260 ## - PUBLICATION, DISTRIBUTION, ETC.
Date of publication, distribution, etc. 2023
300 ## - PHYSICAL DESCRIPTION
Extent 117 ورقة
500 ## - GENERAL NOTE
General note رسالة جامعية (ماجستير) تخصص صعوبات التعلم / جامعة عجلون الوطنية ، 2023
650 7# - SUBJECT ADDED ENTRY--TOPICAL TERM
Form subdivision صعوبات التعلم-معايير
700 #0 - ADDED ENTRY--PERSONAL NAME
Personal name محمد عمر أبو الرب
Relator term مشرف
9 (RLIN) 64717
942 ## - ADDED ENTRY ELEMENTS (KOHA)
Source of classification or shelving scheme Library of Congress Classification
Koha item type Reference
Suppress in OPAC No
Holdings
Withdrawn status Lost status Source of classification or shelving scheme Damaged status Not for loan Home library Current library Date acquired Total Checkouts Full call number Barcode Date last seen Price effective from Koha item type
    Library of Congress Classification     مكتبة جامعة عجلون الوطنية مكتبة جامعة عجلون الوطنية 31/03/2024   LC4704.2023 A29613 31/03/2024 31/03/2024 Reference
    Library of Congress Classification     مكتبة جامعة عجلون الوطنية مكتبة جامعة عجلون الوطنية 31/03/2024   LC4704.2023 A29612 31/03/2024 31/03/2024 Reference